02772nam a2200277 a 4500003000500000005001700005007001500022008004100037035001100078040000900089100003100098245019800129264004100327300004200368336002700410337002900437338004000466502003600506520173500542650003102277650002102308650002602329700003502355700005102390856005302441CHAP20241125143220.0cr ||||||a|c|a110117s2010 mx r 00010 spa d a111916 cCHAP1 aBeltrán Espinosa, Elida.10aCooperativismo pesquero en la comunidad La Reforma, Sinaloa caso de la pesca artesanalc/por Elida Beltrán Espinosa y Luis Daniel Magadán Revel; director de tesis María Almanza Sánchez. 1aChapingo, Méx. :bEl autor,c2010. a1 recurso en línea (119 páginas). 2rdacontentatextobtxt 2rdamediaacomputadorabc 2rdacarrierarecursos en líneabcr bIAESRcSociologíad2010.gLIC aEn la comunidad de Santa María La Reforma, Sinaloa, se estudiaron las características sociales, las actividades organizativas, productivas y de comercialización, de una forma de tenencia y usufructo de la tierra denominada Ejido Pesquero, que rige las actividades pesqueras de acuerdo con los principios del cooperativismo; implica trabajo colectivo y solidaridad entre sus miembros. A partir de la investigación acción participativa, se logró cierto grado de auto-reconocimiento de los cooperativistas, respecto a las problemáticas que encierra su organización, y las fases del proceso productivo; con el funcionamiento y consolidación de su cooperativa. De acuerdo con los resultados obtenidos, esta cooperativa, como la mayoría en México, ha estado sujeta a los vaivenes de una política paternalista autoritaria, que, si bien le ha reconocido su status jurídico y reglamentado sus compromisos de apoyo económico y productivo, hoy se reducen prácticamente a la autorización para el aprovechamiento de los recursos pesqueros. Por otra parte, es claro que los principios de la organización cooperativa también han sufrido serios procesos de degradación y abandono. Esto se manifiesta en los crecientes niveles de corrupción en los órganos de administración, de organización y de vigilancia, pero también en la cada vez menor identificación de los pescadores con esos fundamentos que debían regir su trabajo, su organización y sus perspectivas de desarrollo. De este modo, la cooperativa actualmente más parece un conjunto de acciones individualizadas y orientadas por las apreciaciones particulares de los pescadores, que un espacio de solidaridad y realización colectiva.14aComunidadxOrganización.14aPesca artesanal.14aPesqueríaxSinaloa.1 aMagadán Revelo, Luis Daniel.1 aAlmanza Sánchez, MaríaeDirector de tesis. uhttp://10.13.5.2/tesis/111916.pdfzDESCARGAR PDF